<?xml version="1.0" encoding="UTF-8"?>
<record
    xmlns:xsi="http://www.w3.org/2001/XMLSchema-instance"
    xsi:schemaLocation="http://www.loc.gov/MARC21/slim http://www.loc.gov/standards/marcxml/schema/MARC21slim.xsd"
    xmlns="http://www.loc.gov/MARC21/slim">

  <leader>00426nam a2200121   4500</leader>
  <controlfield tag="005">20260209120853.0</controlfield>
  <controlfield tag="008">260209b        |||||||| |||| 00| 0 eng d</controlfield>
  <datafield tag="022" ind1=" " ind2=" ">
    <subfield code="a">2454-5694</subfield>
  </datafield>
  <datafield tag="245" ind1=" " ind2=" ">
    <subfield code="a">Journal of kolkata socitey for asian studies</subfield>
    <subfield code="b">An international bilingual journal of social science</subfield>
    <subfield code="c">edited by Ranjan Ray</subfield>
  </datafield>
  <datafield tag="260" ind1=" " ind2=" ">
    <subfield code="a">kolkata</subfield>
    <subfield code="b">Kolkata Society for Asian Studies</subfield>
    <subfield code="c">2025</subfield>
  </datafield>
  <datafield tag="300" ind1=" " ind2=" ">
    <subfield code="a">Vol.11.NO.02</subfield>
  </datafield>
  <datafield tag="942" ind1=" " ind2=" ">
    <subfield code="2">ddc</subfield>
    <subfield code="c">SR</subfield>
    <subfield code="m"> KOL</subfield>
  </datafield>
  <datafield tag="999" ind1=" " ind2=" ">
    <subfield code="c">214743</subfield>
    <subfield code="d">214743</subfield>
  </datafield>
  <datafield tag="952" ind1=" " ind2=" ">
    <subfield code="0">0</subfield>
    <subfield code="1">0</subfield>
    <subfield code="2">ddc</subfield>
    <subfield code="4">0</subfield>
    <subfield code="7">1</subfield>
    <subfield code="8">NFIC</subfield>
    <subfield code="a">DBAD</subfield>
    <subfield code="b">DBAD</subfield>
    <subfield code="c">DISPLAY</subfield>
    <subfield code="d">2026-02-09</subfield>
    <subfield code="e">DBAD</subfield>
    <subfield code="g">600.00</subfield>
    <subfield code="l">0</subfield>
    <subfield code="o"> KOL</subfield>
    <subfield code="r">2026-02-09 00:00:00</subfield>
    <subfield code="t">1</subfield>
    <subfield code="v">600.00</subfield>
    <subfield code="w">2026-02-09</subfield>
    <subfield code="y">SR</subfield>
  </datafield>
</record>
